| 000 | 00596nam a2200121Ia 4500 | ||
|---|---|---|---|
| 008 | 220616s9999||||xx |||||||||||||| ||und|| | ||
| 100 | _aCharles Manga Fombad | ||
| 245 | 4 | _aThe implementation of modern African Constitutions: Challenges and prospects | |
| 546 | _aEnglish[eng] | ||
| 650 | _aSouth African Constitution Africa Nigerian Constitution Constitutional Implementation Swaziland Nigeria Zimbabwe Kenya Constitutional Implementation Framework | ||
| 856 | _uhttp://www.pulp.up.ac.za/component/edocman/the-implementation-of-modern-african-constitutions-challenges-and-prospects | ||
| 942 | _cEB | ||
| 999 |
_c21055 _d21055 |
||